LEADER 01716nam 2200457 450 001 9910466984503321 005 20210916125357.0 010 $a1-83867-040-8 010 $a1-83867-038-6 035 $a(CKB)4100000010235123 035 $a(MiAaPQ)EBC6119598 035 $a(Au-PeEL)EBL6119598 035 $a(OCoLC)1143624094 035 $a(EXLCZ)994100000010235123 100 $a20210916d2020 uy 0 101 0 $aeng 135 $aurcnu|||||||| 181 $ctxt$2rdacontent 182 $cc$2rdamedia 183 $acr$2rdacarrier 200 10$aEducation, retirement and career transitions for 'Black' ex-professional footballers $e'from being idolised to stacking shelves' /$fPaul Campbell 210 1$aLondon, England :$cEmerald Publishing,$d[2020] 210 4$d©2020 215 $a1 online resource (128 pages) 225 1 $aEmerald Points Ser. 300 $aIncludes index. 311 $a1-83867-041-6 330 $aDrawing on a combination of interviews and auto-ethnographic data, Education, Retirement and Career Transitions for 'Black' Ex-Professional Footballersprovides a case-study of 16 'black' British male professional footballers' preparedness and experiences of retirement and transition from careers as professional athletes to mainstream work. 410 0$aEmerald Points Ser. 606 $aBall games 608 $aElectronic books. 615 0$aBall games. 676 $a796.3 700 $aCampbell$b Paul$01042582 801 0$bMiAaPQ 801 1$bMiAaPQ 801 2$bMiAaPQ 906 $aBOOK 912 $a9910466984503321 996 $aEducation, retirement and career transitions for 'Black' ex-professional footballers$92466921 997 $aUNINA LEADER 01349nam 2200445 450 001 996466419303316 005 20230724161519.0 010 $a3-030-86953-9 035 $a(CKB)5360000000050003 035 $a(MiAaPQ)EBC6741197 035 $a(Au-PeEL)EBL6741197 035 $a(OCoLC)1273982418 035 $a(PPN)258303379 035 $a(EXLCZ)995360000000050003 100 $a20220628d2022 uy 0 101 0 $aeng 135 $aurcnu|||||||| 181 $ctxt$2rdacontent 182 $cc$2rdamedia 183 $acr$2rdacarrier 200 10$aIntroduction to system reliability theory /$fJorge Navarro 210 1$aCham, Switzerland :$cSpringer,$d[2022] 210 4$d©2022 215 $a1 online resource (181 pages) 311 $a3-030-86952-0 320 $aIncludes bibliographical references and index. 606 $aReliability (Engineering)$xMathematical models 606 $aFiabilitat (Enginyeria)$2thub 608 $aLlibres electrònics$2thub 615 0$aReliability (Engineering)$xMathematical models. 615 7$aFiabilitat (Enginyeria) 676 $a620.00452 700 $aNavarro$b Jorge$01080396 801 0$bMiAaPQ 801 1$bMiAaPQ 801 2$bMiAaPQ 906 $aBOOK 912 $a996466419303316 996 $aIntroduction to System Reliability Theory$92593489 997 $aUNISA